000 01241nam a2200277Ia 4500
003 OSt
005 20220918111920.0
006 a|||||r|||| 00| 0
007 ta
008 220915b |||||||| |||| 00| 0 eng d
024 _a41275
037 _cTextbook
040 _beng
_aARTS
_cARTS
041 _aeng
082 _aO15:gx8,1, K0 (TB)
100 _aसिद्वान्तशिरोमणि,
_911150
245 0 _aकाव्यप्रकाशः श्री मम्मटाचार्य विरचित, मकण् नरेन्द्र
246 _aKāvyaprakāshah shrī mammaṭāchārya virachita, makaṇ narendra
260 _aवाराणसी
_bज्ञानमण्डल भारत
_c1960
300 _a587पण्
_ccm.
490 _aज्ञानमण्डल ग्रन्थमालाका; 93
650 _aहिन्दी साहित्य
700 _a विश्वेश्वर; नरेन्द्र, संपा.
_911151
942 _hO15:gx8,1, K0 (TB)
_cTB
_2CC
999 _c117186
_d117186